Welcome to CU Library Online Public Access Catalogue (OPAC)

Introduction to the law of torts in Ghana / (Record no. 173)

MARC details
000 -LEADER
fixed length control field 00471cam a2200169 i 4500
001 - CONTROL NUMBER
control field 21625374
005 - DATE AND TIME OF LATEST TRANSACTION
control field 20241024132437.0
008 - FIXED-LENGTH DATA ELEMENTS--GENERAL INFORMATION
fixed length control field 200724s2019 gh 000 0 eng
020 ## - INTERNATIONAL STANDARD BOOK NUMBER
Canceled/invalid ISBN 9789988960786 (invalid)
050 00 - LIBRARY OF CONGRESS CALL NUMBER
Classification number KRX940
Item number .K86 2019
100 1# - MAIN ENTRY--PERSONAL NAME
Personal name Kumado, Kofi,
Relator term author.
245 10 - TITLE STATEMENT
Title Introduction to the law of torts in Ghana /
Statement of responsibility, etc. Kofi Kumado.
250 ## - EDITION STATEMENT
Edition statement Second edition.
300 ## - PHYSICAL DESCRIPTION
Extent xxvi, 255 pages ;
Dimensions 30 cm
650 #0 - SUBJECT ADDED ENTRY--TOPICAL TERM
Topical term or geographic name entry element Torts
Geographic subdivision Ghana.
942 ## - ADDED ENTRY ELEMENTS (KOHA)
Source of classification or shelving scheme Library of Congress Classification
Koha item type Books
Suppress in OPAC No
999 ## -
-- 173
-- 173
Holdings
Withdrawn status Lost status Source of classification or shelving scheme Damaged status Not for loan Home library Current library Shelving location Date acquired Total checkouts Full call number Barcode Date last seen Copy number Price effective from Koha item type Collection
    Library of Congress Classification   Not for loan Law Library (Kumasi) Law Library (Kumasi) Reference 01/28/2025   KRX 940.K98 KUM llk00000005 01/28/2025 2 01/28/2025 Books Non-fiction
    Library of Congress Classification     Law Library (Miotso) Law Library (Miotso) Reference 10/24/2024   KRX940.K98 KUM LLM00000260 10/24/2024 1 10/24/2024 Books  
© 2023-2024 Copyright: Central University Libraries. All Rights Reserved | Created by: Mahone Tech Office